Vidas paralelas
Tallennettuna:
| Päätekijä: | |
|---|---|
| Aineistotyyppi: | Kirja |
| Kieli: | espanja |
| Julkaistu: |
Buenos Aires
Joaquín Gil
1944
|
| Painos: | 1a. ed |
| Aiheet: | |
| Tagit: |
Lisää tagi
Ei tageja, Lisää ensimmäinen tagi!
|
MARC
| LEADER | 00000cam a2200000 a 4500 | ||
|---|---|---|---|
| 001 | UCF8672 | ||
| 003 | CL-VaPUC | ||
| 008 | 130930e19441100ag |||||||||||||||||spa|d | ||
| 082 | 0 | 4 | |a 920.02 |b PLU |2 21 |
| 100 | 0 | |a Plutarco |e author |9 319084 | |
| 245 | 1 | 0 | |a Vidas paralelas |
| 250 | |a 1a. ed | ||
| 300 | |a t | ||
| 942 | |c BK | ||
| 945 | |d 20130930 13:19:00 |a dcastane | ||
| 260 | |a Buenos Aires |b Joaquín Gil |c 1944 | ||
| 650 | 0 | |a Biografías clásicas |9 265901 | |
| 583 | |a last modification |c 20130930 13:19:00 |k Rodrigo Vera | ||
| 999 | |c 353239 |d 353237 | ||
| 952 | |0 0 |1 0 |3 erd |4 0 |6 920_020000000000000_PLU_1944 |7 0 |8 A |9 458325 |a BIBHIS |b BIBHIS |d 2019-11-23 |h t.2 |i 500229K |o 920.02 PLU 1944 |p 500229K |r 2023-01-25 |w 2019-11-23 |y BK |z Catalogado en:20130930 |k HIS | ||
| 952 | |0 0 |1 0 |3 erd |4 0 |6 920_020000000000000_PLU_1944 |7 0 |8 A |9 458326 |a BIBEDU |b BIBEDU |e Familia Cárdenas Lailhacar |i 5300584 |l 1 |o 920.02 PLU 1944 |p 5300584 |r 2024-05-13 |s 2024-05-10 |w 2019-11-23 |y BK |z Catalogado en:20160505 |k FIL | ||